000 00678nam a2200193 i 4500
001 39532
003 ES-MaACL
005 20230906160022.0
007 t|
008 030303s1890 sp ||||1| spa d
100 1 _aCano y de León, Manuel.
_934580
245 1 3 _aEl nuevo Hospital Militar de Madrid /
_cManuel Cano y de León.
260 _aMadrid :
_b[s.n.,
_c1890] (
_fMemorial de Ingenieros)
300 _aX-212 p. :
_bil. ;
_c26 cm.
530 _aDisponible en formato digital.
610 2 4 _aHospital Militar Central "Gómez Ulla"
_9141700
852 _aES-MaACL
_jT-523-F-5
856 _uhttp://bdh-rd.bne.es/viewer.vm?id=0000194951&page=1
_zBiblioteca Digital Hispánica
999 _c39532
_d39532